Phase morphology and relaxation behaviour of SEBS/PP blends (Record no. 64863)
[ view plain ]
| 000 -LEADER | |
|---|---|
| fixed length control field | 00546nam a2200193Ia 4500 |
| 100 ## - MAIN ENTRY--AUTHOR NAME | |
| Personal name | Vennemann N |
| 245 #0 - TITLE STATEMENT | |
| Title | Phase morphology and relaxation behaviour of SEBS/PP blends |
| 260 ## - PUBLICATION, DISTRIBUTION, ETC. (IMPRINT) | |
| Name of publisher | Kautschuk Gummi Kunststoffe |
| Year of publication | 2001 |
| 300 ## - PHYSICAL DESCRIPTION | |
| Number of Pages | 362-367 |
| 650 ## - SUBJECT ADDED ENTRY--TOPICAL TERM | |
| Topical Term | Phase morphology |
| 650 ## - SUBJECT ADDED ENTRY--TOPICAL TERM | |
| Topical Term | SEBS compounds |
| 650 ## - SUBJECT ADDED ENTRY--TOPICAL TERM | |
| Topical Term | Thermal scanning-stress-relaxation-test |
| 650 ## - SUBJECT ADDED ENTRY--TOPICAL TERM | |
| Topical Term | Thermoplastic elastomers |
| 700 ## - ADDED ENTRY--PERSONAL NAME | |
| Personal name | Hundorf J |
| 700 ## - ADDED ENTRY--PERSONAL NAME | |
| Personal name | Kummerlowe C |
| 700 ## - ADDED ENTRY--PERSONAL NAME | |
| Personal name | Schulz P |
| 942 ## - ADDED ENTRY ELEMENTS (KOHA) | |
| Koha item type | Journals |
| Withdrawn status | Lost status | Damaged status | Not for loan | Home library | Current library | Shelving location | Date acquired | Serial Enumeration / chronology | Koha item type |
|---|---|---|---|---|---|---|---|---|---|
| Journals | RRII Library | RRII Library | Rubber chemistry | 17/12/2021 | Volume 54, Issue 08-Jul | Journals |